000 01026nam a22003257a 4500
001 BR0602210
003 BR-BrBNA
005 20230928102140.0
007 ta
008 230509b bl.||||| |||| 00| 0 por d
040 _aBR-BrBNA
_bpor
_cBiblioteca Nacional de Agricultura
041 _a(Por)
072 _aE20; E50
090 _ E20 BR0602210
100 1 _aBernardo, D.C. dos R.
110 1 _aUniversidade Federal de Lavras, MG (Brasil)
_0Tese (Mestrado)
245 1 _aInvestimentos em responsabilidade social: um estudo dos balanços sociais publicados pelas sociedades anônimas de capital aberto no Brasil
260 3 _aLavras, MG (Brasil):
_c2005.
300 _a125 p.
500 _aSummaries (Eng, Por); Bibliography p. 80-94; 67 tables
650 _aEMPRESA
650 _aSOCIEDADE
650 _aSOCIOLOGIA ECONÔMICA
650 _aINVESTIMENTO
650 _aCONTABILIDADE
650 _aIMPACTO SOCIAL
650 _aDESENVOLVIMENTO SOCIAL
909 _a202309
_bLucia
_c55
_dLucia Elande
942 _cBK
999 _c69373
_d69373